000 00909 a2200229 4500
999 _c7278
_d7278
020 _a9780199216413 (pbk.)
020 _a019921641X (pbk.)
050 0 0 _aKD 833 CLA 2008
100 1 _aClarke, Sandra.
_eauthor
245 1 0 _aLand law /
_cSandra Clarke, Sarah Greer.
264 _aOxford :
_bUniversity Press
_c2008
300 _axxxv, 470 p. :
_bill. (some col.) ;
500 _aIncludes bibliographical references and index.
504 _aIncludes bibliographical references and index.
650 0 _aLand tenure
_xLaw and legislation
650 0 _aLand tenure
_xLaw and legislation
650 0 _aLand tenure
_xLaw and legislation
650 0 _aLand tenure
_xLaw and legislation
700 1 _aGreer, Sarah.
_eautghor
942 _2lcc
_cBK
_h833
_iCLA
_kKD